|
|
|
|
| LEADER |
00000nab a2200000 a 4500 |
| 001 |
vtls000597197 |
| 003 |
SK-MaSNL |
| 005 |
20260304095934.0 |
| 008 |
250425c1996 xo 0 slo |
| 015 |
|
|
|a SNBRB19rr/mm-uuuuu
|
| 035 |
|
|
|a CL0597336
|
| 035 |
|
|
|a urn:nbn:sk:snk-abf2vc
|
| 035 |
|
|
|a (urnnbn)urn:nbn:sk:snk:ar-007gu2
|
| 035 |
|
|
|a (uuid)e5728f62-4ae7-4132-937a-9a2f0c18d35f
|
| 040 |
|
|
|a SNKBUCL
|b slo
|c SNKBUCL
|e AACR2
|
| 041 |
0 |
|
|a slo
|
| 044 |
|
|
|a xo
|c SK
|
| 080 |
|
|
|a 666.9-051
|2 1981
|
| 080 |
|
|
|a 929 Valenta, Dušan
|2 1981
|
| 100 |
1 |
|
|a Žalondek, Ondrej
|4 aut
|9 732771
|
| 245 |
1 |
0 |
|a Na rozlúčku s Ing. Dušanom Valentom
|c Ondrej Žalondek
|
| 300 |
|
|
|b Obr. 1
|
| 600 |
1 |
7 |
|a Valenta, Dušan
|d 1924-1996
|2 snkbucl
|9 1393667
|
| 655 |
|
7 |
|a články z novín a časopisov
|2 snkbucl
|9 267496
|
| 773 |
0 |
|
|t Inžinierske stavby
|g Roč. 44, č. 6 (1996), s. 254
|x 1335-0846
|
| 850 |
|
|
|a Slovenská národná knižnica
|
| 852 |
|
|
|a Slovenská národná knižnica
|
| 954 |
|
|
|a odborná, vedecká literatúra pôvodná (slovenská)
|2 lita
|
| 958 |
|
|
|a article2022
|
| 958 |
|
|
|a BX
|
| 958 |
|
|
|a RK
|
| 958 |
|
|
|a SK
|
| 958 |
|
|
|a OND
|
| 958 |
|
|
|a EUIPO
|
| 992 |
|
|
|a RBX
|
| 999 |
|
|
|c 2835021
|d 2836951
|